Diccionario de autores y críticos literarios de Guatemala (DACLiG)
Guardado en:
| Autor principal: | |
|---|---|
| Formato: | Libro |
| Lenguaje: | Undetermined |
| Publicado: |
Washington, Estados Unidos
LaTUANA
2009
|
| Materias: | |
| Etiquetas: |
Agregar Etiqueta
Sin Etiquetas, Sea el primero en etiquetar este registro!
|
MARC
| LEADER | 00000nam a2200000Ia 4500 | ||
|---|---|---|---|
| 008 | 170316s9999 xx 000 0 und d | ||
| 999 | |c 30795 |d 30795 | ||
| 020 | |a 99922-895-6-2 | ||
| 040 | |a cru BVZT | ||
| 090 | |a R-413 M-1.2d LIT | ||
| 100 | |a Méndez Castañeda, Francisco Alejandro | ||
| 245 | |a Diccionario de autores y críticos literarios de Guatemala (DACLiG) |c Francisco Alejandro Méndez Castañeda | ||
| 260 | |a Washington, Estados Unidos |b LaTUANA |c 2009 | ||
| 300 | |a 162 páginas | ||
| 650 | |a REFERENCIA |9 27 | ||
| 650 | 0 | |a DICCIONARIO |9 28 | |
| 650 | 0 | |9 297 |z GUATEMALA | |
| 653 | |a CRÍTICOS LITERARIOS | ||
| 653 | |a AUTORES | ||
| 942 | |c REF |2 z | ||



